Math trailblazers : (Registro nro. 9166)

Detalles MARC
000 -LIDER
fixed length control field 00904nam a22002177a 4500
001 - NÚMERO DE CONTROL
Identificador de número de control 0002358
003 - IDENTIFICACDOR DE NÚMERO DE CONTROL
control field DO-SdBNP
005 - DATE AND TIME OF LATEST TRANSACTION
control field 20180222125231.0
007 - CAMPOS FIJOS DE DESCRIPCIÓN FÍSICA
fixed length control field 0002358
008 - ELEMENTOS DE LONGITUD FIJA
fixed length control field 160309b 2000 xxu||||| |||| 00| 0 spa d
020 ## - ISBN
International Standard Book Number 0787256501
040 ## - FUENTE DE CATALOGACIÓN
Agencia que crea de manera original el registro BPMSU
Idioma de catalogación spa
Agencia que realiza la transcripción BPMSU
092 ## - LOCALLY ASSIGNED DEWEY DECIMAL CALL NUMBER
Número de clasificación xxxx
Número de ítem (Cutter) xxxx
245 10 - MENCIÓN DE TITULO
Título Math trailblazers :
Subtítulo un viaje matemático usando la ciencia y las artes del lenguaje : libro de aventuras, 3er. grado /
260 ## - PUBLICACIÓN, DISTRIBUCIÓN, ETC. (PIE DE IMPRENTA)
Lugar de publicación, distribución, etc Dubuque, Iowa :
Nombre del editor, distribuidor, etc. Kendall/Hunt,
Fecha de publicación, distribución, etc 2000
300 ## - DESCRIPCIÓN FÍSICA
Extensión ix, 327 p. :
Otros detalles físicos il. ;
Dimensiones 28 cm.
500 ## - NOTA GENERAL
Nota general "Un programa TIMS de la University of Illinois at Chicago."<br/>"El presente material está basado en trabajos apoyados por la National Science Foundation bajo la subvención no. MDR 9050226 y por la University of Illinois at Chicago."--Title page verso.
942 ## - ADDED ENTRY ELEMENTS (KOHA)
Source of classification or shelving scheme Dewey Decimal Classification
Koha item type Libros
945 ## - INFORMACIÓN DE PROCESAMIENTO LOCAL
Información de procesamiento local Inventariado, 2018/MFF
956 ## - LOCAL ELECTRONIC LOCATION AND ACCESS (OCLC)
Método de acceso LOPEREZ
Materiales especificados 10
Enlace BPMSU
Campo enlazado y núm. de secuencia 2016
Nombre de host 00041
Existencias
Withdrawn status Lost status Source of classification or shelving scheme Damaged status Not for loan Collection code Home library Current library Date acquired Source of acquisition Total Checkouts Barcode Date last seen Price effective from Koha item type
    Dewey Decimal Classification     Colección Infantil General Biblioteca Pública Metropolitana Salomé Ureña Biblioteca Pública Metropolitana Salomé Ureña 03/09/2016 FUNDI   BPMSU16030027 03/09/2016 03/09/2016 Libros